Normal view
MARC view
Entry Topical Term
001 - CONTROL NUMBER
- control field: 111083
003 - CONTROL NUMBER IDENTIFIER
- control field: OSt
005 - DATE AND TIME OF LATEST TRANSACTION
- control field: 20230523110111.0
008 - FIXED-LENGTH DATA ELEMENTS
- fixed length control field: 230523|| aca||aabn | a|a d
040 ## - CATALOGING SOURCE
- Original cataloging agency: OSt
- Transcribing agency: OSt
150 ## - HEADING--TOPICAL TERM
- Topical term or geographic name entry element: Higher Education
670 ## - SOURCE DATA FOUND
- Source citation: Work cat.: (OSt)167903: GREEN (Sharon Weiner);WOLF (Ira K);STEWART (Brain W) 111082, Barrons new SAT Ed 28, 2016